<?xml version="1.0" encoding="UTF-8"?>
<record
    xmlns:xsi="http://www.w3.org/2001/XMLSchema-instance"
    xsi:schemaLocation="http://www.loc.gov/MARC21/slim http://www.loc.gov/standards/marcxml/schema/MARC21slim.xsd"
    xmlns="http://www.loc.gov/MARC21/slim">

  <leader>00617nam a2200157Ia 4500</leader>
  <controlfield tag="008">090711s9999    xx            000 0 und d</controlfield>
  <datafield tag="082" ind1=" " ind2=" ">
    <subfield code="b">2010</subfield>
  </datafield>
  <datafield tag="100" ind1=" " ind2=" ">
    <subfield code="a">&#x907;&#x902;&#x917;&#x94B;&#x932;&#x947; &#x935;&#x93F;&#x91C;&#x92F;&#x93E;</subfield>
  </datafield>
  <datafield tag="245" ind1=" " ind2=" ">
    <subfield code="a">&#x91C;&#x94D;&#x91E;&#x93E;&#x928;&#x91C;&#x94D;&#x92F;&#x94B;&#x924;&#x93F;&#x92E;&#x939;&#x93F; &#x938;&#x93E;&#x935;&#x93F;&#x924;&#x94D;&#x930;&#x940; &#x92B;&#x941;&#x932;&#x947;</subfield>
  </datafield>
  <datafield tag="260" ind1=" " ind2=" ">
    <subfield code="c">1994</subfield>
  </datafield>
  <datafield tag="600" ind1=" " ind2=" ">
    <subfield code="a">&#x907;&#x902;&#x917;&#x94B;&#x932;&#x947; &#x935;&#x93F;&#x91C;&#x92F;&#x93E;</subfield>
  </datafield>
  <datafield tag="630" ind1=" " ind2=" ">
    <subfield code="a">&#x91C;&#x94D;&#x91E;&#x93E;&#x928;&#x91C;&#x94D;&#x92F;&#x94B;&#x924;&#x93F;&#x92E;&#x939;&#x93F; &#x938;&#x93E;&#x935;&#x93F;&#x924;&#x94D;&#x930;&#x940; &#x92B;&#x941;&#x932;&#x947;</subfield>
  </datafield>
  <datafield tag="700" ind1=" " ind2=" ">
    <subfield code="a">&#x907;&#x902;&#x917;&#x94B;&#x932;&#x947; &#x935;&#x93F;&#x91C;&#x92F;&#x93E;</subfield>
  </datafield>
  <datafield tag="730" ind1=" " ind2=" ">
    <subfield code="a">&#x91C;&#x94D;&#x91E;&#x93E;&#x928;&#x91C;&#x94D;&#x92F;&#x94B;&#x924;&#x93F;&#x92E;&#x939;&#x93F; &#x938;&#x93E;&#x935;&#x93F;&#x924;&#x94D;&#x930;&#x940; &#x92B;&#x941;&#x932;&#x947;</subfield>
  </datafield>
  <datafield tag="942" ind1=" " ind2=" ">
    <subfield code="c">BOOK</subfield>
  </datafield>
  <datafield tag="999" ind1=" " ind2=" ">
    <subfield code="c">335119</subfield>
    <subfield code="d">335119</subfield>
  </datafield>
</record>
